00538 2200193 4500001002100000005001500021008004100036035002500077041000800102082001000110090001000120100001200130245008800142250001600230260002800246300003400274650002300308700001300331INLIS00000000001090720130515224250 ind  a0010-051300000010907 aind a621.3 a621.3 aMilman, aElektronika Terpadu : Rangkaian dan Sistem Analog dan Digital/ penerjemah, Barmawi, aCetakan : 1 aJakartabErlanggac1985 axiv, 468 hlm. : ilus. ;23 cm. aTeknik Elektronika aHalkias,